| 000 | 01652 a2200265 4500 | ||
|---|---|---|---|
| 005 | 20080825112722.0 | ||
| 008 | 080825t xxu||||| |||| 00| 0 hin d | ||
| 010 | _aHIN-84051 | ||
| 020 |
_a818609864x _c100.00 |
||
| 035 | _aHN-56397 | ||
| 037 | _aDBAD / PUB | ||
| 040 |
_aDPL _bHN |
||
| 082 | _a615.854 | ||
| 100 | _aकपिल, सुरेन्द्र | ||
| 245 |
_aगेहूँ के जवारेः _cसुरेन्द्र कपिल _bगेहूँ रस अमृत उगाओ स्वास्थ्य बनाओ प्राकृतिक प्रतिरोधक शक्ति जगाओ । |
||
| 246 |
_aGehun ke jawaare _bby Surendra Kapil |
||
| 260 |
_aजयपुर _bनारायण प्रकाशन _c2007 |
||
| 270 |
_aजी-15, एस.एस.टॉवर,धामाणी गली, चौड़ा रास्ता _bजयपुर _e302003 |
||
| 300 |
_a41पृ _c22 सेमी (सजिल्द) |
||
| 650 |
_aकच्चे जूसों से प्राकृतिक उपचार चिकित्सा _xकच्चे जूसों से उपचार |
||
| 650 |
_aMedicine natural remedies raw juices _xRaw jucies therapy |
||
| 942 |
_adpl _cHN _2ddc _mकपिल _h61554 |
||
| 999 |
_c15027 _d15027 |
||